[Event "NED-chT 1718"]
[White "Van Haastert, Edwin"]
[Black "Van Ruitenburg, Joost"]
[Site "Netherlands"]
[Round "5.2"]
[Result "1-0"]
[Date "2017.12.16"]
[WhiteElo "2446"]
[BlackElo "2324"]
[PlyCount "87"]
[EventDate "2017.09.16"]
[EventType "team-tourn"]
[EventRounds "9"]
[EventCountry "NED"]
[SourceTitle "EXT 2019"]
[Source "ChessBase"]
[SourceDate "2018.10.10"]
[SourceVersion "1"]
[SourceVersionDate "2018.10.10"]
[SourceQuality "1"]
[WhiteTeam "Leiden LSG"]
[BlackTeam "Rotterdam Pathena"]
[WhiteTeamCountry "NED"]
[BlackTeamCountry "NED"]

1. e4 e5 2. Nf3 Nc6 3. Bb5 f5 4. Nc3 fxe4 5. Nxe4 Nf6 6. Qe2 d5 7. Nxf6+ gxf6 8. d4 Bg7 9. dxe5 0-0 10. e6 Ne5 11. 0-0 c6 12. Bd3 Bxe6 13. Nd4 Bg4 14. f3 Nxd3 15. Qxd3 Bd7 16. Be3 f5 17. c3 f4 18. Bf2 Qg5 19. Rfe1 Rf6 20. h4 Qg6 21. Qxg6 Rxg6 22. Re7 Bh3 23. Kh2 Bf6 24. Rxb7 Rxg2+ 25. Kxh3 Rxf2 26. Nf5 Kf8 27. Kg4 Re8 28. Rg1 Ree2 29. Nh6 Re7 30. Rb8+ Re8 31. Kf5 Rxb8 32. Kxf6 Ke8 33. Rg8+ Kd7 34. Rxb8 Rxf3 35. Rb7+ Kd6 36. Rxa7 Rh3 37. Nf7+ Kc5 38. Kg5 f3 39. Ne5 h6+ 40. Kg4 Rh2 41. b4+ Kb6 42. Rf7 f2 43. a4 Rg2+ 44. Kh3 1-0

[Event "NED-chT 1718"]
[White "Duijn, Rob"]
[Black "Van Ruitenburg, Joost"]
[Site "Netherlands"]
[Round "3.8"]
[Result "0-1"]
[Date "2017.11.04"]
[WhiteElo "2177"]
[BlackElo "2324"]
[PlyCount "98"]
[EventDate "2017.09.16"]
[EventType "team-tourn"]
[EventRounds "9"]
[EventCountry "NED"]
[SourceTitle "EXT 2019"]
[Source "ChessBase"]
[SourceDate "2018.10.10"]
[SourceVersion "1"]
[SourceVersionDate "2018.10.10"]
[SourceQuality "1"]
[WhiteTeam "Kennemer Combinatie"]
[BlackTeam "Rotterdam Pathena"]
[WhiteTeamCountry "NED"]
[BlackTeamCountry "NED"]

1. d4 Nf6 2. Nf3 e6 3. Bg5 h6 4. Bh4 c5 5. c3 b6 6. e3 Bb7 7. Nbd2 Be7 8. Be2 d6 9. Bb5+ Nbd7 10. Bxf6 gxf6 11. Qe2 a6 12. Bd3 f5 13. Rd1 Rg8 14. g3 Nf6 15. e4 fxe4 16. Nxe4 Rg4 17. Nxf6+ Bxf6 18. 0-0 cxd4 19. Nxd4 h5 20. Rfe1 Bxd4 21. cxd4 Qf6 22. Qe3 Kf8 23. f4 h4 24. Be2 Rg8 25. g4 Qf5 26. Kf2 Qa5 27. a3 Rc8 28. Rc1 Ke7 29. g5 Qf5 30. Rg1 Kd7 31. Bf3 Bxf3 32. Qxf3 Rc2+ 33. Ke3 d5 34. Rxc2 Qxc2 35. f5 Qb3+ 36. Kf4 Qxb2 37. fxe6+ fxe6 38. Kg4 Qxd4+ 39. Kh3 Rc8 40. Rd1 Qe5 41. g6 Rc2 42. Qf7+ Kc6 43. Qe8+ Kb7 44. Qf7+ Rc7 45. Qf3 Qg5 46. Qd3 Rc4 47. Qf3 Qxg6 48. a4 Rxa4 49. Rc1 Qf5+ 0-1

[Event "NED Cup"]
[White "Nijboer, Friso"]
[Black "Van Ruitenburg, Joost"]
[Site "Bunschoten"]
[Round "2.2"]
[Result "1-0"]
[Date "2012.05.17"]
[WhiteElo "2535"]
[BlackElo "2314"]
[PlyCount "59"]
[EventDate "2012.05.17"]
[EventType "team-k.o."]
[EventRounds "2"]
[EventCountry "NED"]
[SourceTitle "CBM 148 Extra"]
[Source "ChessBase"]
[SourceDate "2012.06.22"]
[SourceVersion "1"]
[SourceVersionDate "2012.06.22"]
[SourceQuality "1"]
[WhiteTeam "En Passant"]
[BlackTeam "Ivoren Toren"]
[WhiteTeamCountry "NED"]
[BlackTeamCountry "NED"]

1. e4 e5 2. Nf3 Nc6 3. Bb5 f5 4. Nc3 fxe4 5. Nxe4 Nf6 6. Nxf6+ Qxf6 7. Qe2 Be7 8. Bxc6 dxc6 9. Nxe5 0-0 10. d4 Bd6 11. 0-0 Bf5 12. c3 Be6 13. f4 Bxe5 14. dxe5 Qg6 15. Be3 Rad8 16. a4 Rd5 17. Bxa7 b6 18. a5 Bf5 19. axb6 cxb6 20. Bxb6 Bd3 21. Qe3 Bxf1 22. Rxf1 Qc2 23. Bd4 Qxb2 24. e6 Re8 25. e7 Rd6 26. f5 Qb7 27. Qg3 Rxd4 28. f6 Rxe7 29. fxe7 Re4 30. Rf8# 1-0

[Event "NED Cup"]
[White "Sokolov, Ivan"]
[Black "Van Ruitenburg, Joost"]
[Site "Bunschoten"]
[Round "1.2"]
[Result "1-0"]
[Date "2012.05.17"]
[WhiteElo "2680"]
[BlackElo "2314"]
[PlyCount "55"]
[EventDate "2012.05.17"]
[EventType "team-k.o."]
[EventRounds "2"]
[EventCountry "NED"]
[SourceTitle "CBM 148 Extra"]
[Source "ChessBase"]
[SourceDate "2012.06.22"]
[SourceVersion "1"]
[SourceVersionDate "2012.06.22"]
[SourceQuality "1"]
[WhiteTeam "Sissa"]
[BlackTeam "Ivoren Toren"]
[WhiteTeamCountry "NED"]
[BlackTeamCountry "NED"]

1. d4 Nf6 2. c4 e6 3. Nc3 Bb4 4. e3 c5 5. Nge2 cxd4 6. exd4 0-0 7. a3 Be7 8. Nf4 d6 9. Be3 Nc6 10. Be2 e5 11. dxe5 dxe5 12. Nfd5 Nxd5 13. cxd5 Nb8 14. Rc1 f5 15. d6 Bf6 16. Nd5 Nc6 17. Nxf6+ Rxf6 18. Bg5 Qxd6 19. Bc4+ Kh8 20. Bxf6 Qxf6 21. Qd5 Qd8 22. Qxd8+ Nxd8 23. 0-0 Nc6 24. Rfd1 g6 25. Rd6 Kg7 26. Bd5 f4 27. Bxc6 bxc6 28. Rd8 1-0

[Event "Haarlem BDO-B"]
[White "Steadman, Michael VR"]
[Black "Van Ruitenburg, Joost"]
[Site "Haarlem"]
[Round "4"]
[Result "1-0"]
[Date "2010.08.24"]
[WhiteElo "2277"]
[BlackElo "2296"]
[PlyCount "69"]
[EventDate "2010.08.21"]
[EventType "tourn"]
[EventRounds "9"]
[EventCountry "NED"]
[EventCategory "4"]
[SourceTitle "CBM 138 Extra"]
[Source "ChessBase"]
[SourceDate "2010.10.29"]
[SourceVersion "1"]
[SourceVersionDate "2010.10.29"]
[SourceQuality "1"]

1. c4 Nf6 2. d4 e6 3. Nc3 Bb4 4. f3 d5 5. a3 Bxc3+ 6. bxc3 c5 7. cxd5 exd5 8. e3 0-0 9. Bd3 b6 10. Ne2 Ba6 11. 0-0 Re8 12. Ng3 Bxd3 13. Qxd3 Nc6 14. Bb2 h5 15. Rae1 g6 16. e4 h4 17. Nh1 Nh5 18. g3 cxd4 19. cxd4 Qd7 20. e5 hxg3 21. hxg3 Qh3 22. f4 Kg7 23. Qf3 Rh8 24. Re2 Kg8 25. Rh2 Qe6 26. g4 Ng7 27. Rxh8+ Kxh8 28. f5 gxf5 29. gxf5 Qh6 30. Ng3 Rc8 31. Rf2 Qg5 32. Rg2 Nxd4 33. Bxd4 Nxf5 34. Qxf5 Rc1+ 35. Kh2 1-0

[Event "Haarlem BDO-B"]
[White "Van Ruitenburg, Joost"]
[Black "Gijswijt, Bart"]
[Site "Haarlem"]
[Round "1"]
[Result "1/2-1/2"]
[Date "2010.08.21"]
[WhiteElo "2296"]
[BlackElo "2311"]
[PlyCount "97"]
[EventDate "2010.08.21"]
[EventType "tourn"]
[EventRounds "9"]
[EventCountry "NED"]
[EventCategory "4"]
[SourceTitle "CBM 138 Extra"]
[Source "ChessBase"]
[SourceDate "2010.10.29"]
[SourceVersion "1"]
[SourceVersionDate "2010.10.29"]
[SourceQuality "1"]

1. c4 e6 2. g3 Nf6 3. Bg2 d5 4. Nf3 Be7 5. d4 0-0 6. 0-0 dxc4 7. Ne5 Nc6 8. Nxc6 bxc6 9. Bxc6 Rb8 10. e3 Bb7 11. Bxb7 Rxb7 12. Nd2 Qd5 13. Qc2 c5 14. dxc5 Rc8 15. Qxc4 Rxc5 16. Qxd5 Nxd5 17. Nb3 Rc8 18. Bd2 Bf6 19. Rac1 Rbc7 20. Rxc7 Rxc7 21. Rd1 Bxb2 22. e4 Nb6 23. Bc3 Ba3 24. Rd8+ Bf8 25. Bd4 f6 26. Bc5 Nd7 27. Bd6 Rc6 28. Rxd7 Bxd6 29. Rxa7 e5 30. Rd7 Ra6 31. Kg2 Bb4 32. Rb7 Bd6 33. Rd7 Bb4 34. Rb7 Bd6 35. Nc1 Ra4 36. Kf3 Bb4 37. Rd7 Bc3 38. Ne2 Bd4 39. Nxd4 exd4 40. h4 h5 41. Kg2 Kf8 42. a3 g6 43. Kf1 Ke8 44. Rg7 d3 45. Ke1 Rxe4+ 46. Kd1 Re5 47. a4 Ra5 48. Kd2 Kf8 49. Rd7 1/2-1/2

[Event "Amsterdam ACT op 3rd"]
[White "Van de Fliert, Willem"]
[Black "Van Ruitenburg, Joost"]
[Site "Amsterdam"]
[Round "8"]
[Result "1-0"]
[Date "2006.07.22"]
[WhiteElo "2195"]
[BlackElo "2315"]
[PlyCount "61"]
[EventDate "2006.07.15"]
[EventType "swiss"]
[EventRounds "9"]
[EventCountry "NED"]
[SourceTitle "CBM 113 Extra"]
[Source "ChessBase"]
[SourceDate "2006.09.14"]
[SourceVersion "1"]
[SourceVersionDate "2006.09.14"]
[SourceQuality "1"]

1. e4 e5 2. Nf3 Nc6 3. c3 d5 4. Qa4 f6 5. Bb5 Nge7 6. exd5 Qxd5 7. 0-0 e4 8. c4 Qd6 9. c5 Qxc5 10. d4 Qd6 11. Nfd2 f5 12. Nc4 Qxd4 13. Bf4 Kf7 14. Nbd2 Ng6 15. Bxc7 Qf6 16. Nb6 axb6 17. Qxa8 Bb4 18. Nc4 Nd4 19. Qa4 Bc5 20. Rad1 f4 21. Nd6+ Bxd6 22. Rxd4 Bxc7 23. Qc4+ Kf8 24. Rxe4 Bd7 25. Bxd7 Be5 26. Rfe1 Ke7 27. Qd5 Qd6 28. Rxe5+ Nxe5 29. Rxe5+ Kxd7 30. Qxb7+ Qc7 31. Re7+ 1-0

[Event "Amsterdam ACT op 3rd"]
[White "Van Ruitenburg, Joost"]
[Black "Thiel, Thomas"]
[Site "Amsterdam"]
[Round "6"]
[Result "1-0"]
[Date "2006.07.20"]
[WhiteElo "2315"]
[BlackElo "2302"]
[PlyCount "97"]
[EventDate "2006.07.15"]
[EventType "swiss"]
[EventRounds "9"]
[EventCountry "NED"]
[SourceTitle "CBM 113 Extra"]
[Source "ChessBase"]
[SourceDate "2006.09.14"]
[SourceVersion "1"]
[SourceVersionDate "2006.09.14"]
[SourceQuality "1"]

1. d4 Nf6 2. Bg5 Ne4 3. Bh4 d5 4. f3 Nd6 5. c3 g6 6. Nd2 Bh6 7. e4 0-0 8. Bd3 Qe8 9. exd5 e5 10. dxe6 Bxe6 11. Ne2 Bf5 12. Nc4 Bxd3 13. Qxd3 Qb5 14. b3 Re8 15. Bf2 Nd7 16. Nb2 Re7 17. Kf1 Rae8 18. Ng3 Qa5 19. a4 Re3 20. Bxe3 Rxe3 21. b4 Qd5 22. Qc2 Nc4 23. Kf2 Nd2 24. Rhe1 Rxf3+ 25. Kg1 Rxg3 26. hxg3 Nf6 27. Re5 Qd7 28. Re2 Qg4 29. Rxd2 Be3+ 30. Kf1 Ne4 31. Re2 Nxg3+ 32. Ke1 Qf4 33. Kd1 Nf5 34. Qd3 Qf1+ 35. Re1 Qxg2 36. Rxe3 Qxb2 37. Re8+ Kg7 38. Rc1 Qa2 39. Re2 Qxa4+ 40. Kd2 h5 41. Qc4 Qd7 42. Qc5 Nd6 43. Rce1 Qa4 44. Qxc7 Qa2+ 45. Ke3 Qe6+ 46. Kd3 Qf5+ 47. Kd2 Qf4+ 48. Kc2 h4 49. Qc5 1-0

[Event "Amsterdam ACT op 3rd"]
[White "Breivik, Lars H"]
[Black "Van Ruitenburg, Joost"]
[Site "Amsterdam"]
[Round "2"]
[Result "1-0"]
[Date "2006.07.16"]
[WhiteElo "2226"]
[BlackElo "2315"]
[PlyCount "115"]
[EventDate "2006.07.15"]
[EventType "swiss"]
[EventRounds "9"]
[EventCountry "NED"]
[SourceTitle "CBM 113 Extra"]
[Source "ChessBase"]
[SourceDate "2006.09.14"]
[SourceVersion "1"]
[SourceVersionDate "2006.09.14"]
[SourceQuality "1"]

1. e4 e5 2. Nc3 Nf6 3. Bc4 Nxe4 4. Qh5 Nd6 5. Bb3 Nc6 6. Nb5 g6 7. Qf3 f5 8. Qd5 Qe7 9. Nxc7+ Kd8 10. Nxa8 b6 11. d3 Bb7 12. h4 f4 13. Qf3 Nd4 14. Qg4 Bg7 15. Bd2 Bxa8 16. 0-0-0 a5 17. Re1 Rf8 18. c3 Nxb3+ 19. axb3 Qf7 20. Nf3 Qd5 21. Kc2 Bc6 22. Qg5+ Kc7 23. c4 Qc5 24. d4 exd4 25. Qxc5 bxc5 26. Re7 Be4+ 27. Kc1 Bf6 28. Rxh7 a4 29. bxa4 Ra8 30. b3 Rb8 31. Ba5+ Kc6 32. Nd2 Bxg2 33. Rg1 f3 34. Rh6 Rg8 35. h5 Bh4 36. Rxg6 Rxg6 37. hxg6 Nf5 38. Nxf3 Bxf3 39. g7 Nxg7 40. Rxg7 Bxf2 41. Rg6+ Kb7 42. Rb6+ Ka7 43. Rf6 Be3+ 44. Bd2 Bxd2+ 45. Kxd2 Bg4 46. Rd6 Kb7 47. a5 Kc7 48. Rd5 d6 49. Rg5 Bf3 50. Rg7+ Kc6 51. Kd3 d5 52. Rg6+ Kc7 53. cxd5 Bxd5 54. Rb6 Bg8 55. b4 Bh7+ 56. Kc4 d3 57. Kxc5 Be4 58. Rd6 1-0

[Event "Amsterdam ACT op 3rd"]
[White "Van Ruitenburg, Joost"]
[Black "Timman, Jan H"]
[Site "Amsterdam"]
[Round "1"]
[Result "0-1"]
[Date "2006.07.15"]
[WhiteElo "2315"]
[BlackElo "2594"]
[PlyCount "64"]
[EventDate "2006.07.15"]
[EventType "swiss"]
[EventRounds "9"]
[EventCountry "NED"]
[SourceTitle "CBM 113 Extra"]
[Source "ChessBase"]
[SourceDate "2006.09.14"]
[SourceVersion "1"]
[SourceVersionDate "2006.09.14"]
[SourceQuality "1"]

1. d4 Nf6 2. Bg5 Ne4 3. Bh4 g5 4. f3 gxh4 5. fxe4 c5 6. e3 Bh6 7. Nd2 d5 8. Qh5 Bxe3 9. 0-0-0 cxd4 10. Ngf3 Be6 11. Ng5 Bxg5 12. Qxg5 Nc6 13. Nb3 dxe4 14. Qg7 Rf8 15. Nxd4 Qd6 16. Bb5 0-0-0 17. Nxc6 Qf4+ 18. Kb1 bxc6 19. Ba6+ Kb8 20. Qc3 Qc7 21. Qb4+ Ka8 22. Qxe4 h3 23. c4 Kb8 24. c5 hxg2 25. Rhe1 Bd5 26. Qb4+ Ka8 27. Rd3 Rb8 28. Qa4 Rg8 29. Rg1 Qxh2 30. Qd1 Be4 31. Ka1 Bxd3 32. Bxd3 Rbd8 0-1

[Event "Moscow Aeroflot op-C"]
[White "Van Ruitenburg, Joost"]
[Black "Morchiashvili, Bachana"]
[Site "Moscow"]
[Round "9"]
[Result "1/2-1/2"]
[Date "2006.02.15"]
[WhiteElo "2277"]
[BlackElo "2361"]
[PlyCount "120"]
[EventDate "2006.02.07"]
[EventType "swiss"]
[EventRounds "9"]
[EventCountry "RUS"]
[SourceTitle "EXT 2007"]
[Source "ChessBase"]
[SourceDate "2006.11.23"]
[SourceVersion "1"]
[SourceVersionDate "2006.11.23"]
[SourceQuality "1"]

1. d4 c6 2. c3 d6 3. Bg5 Nd7 4. e4 Ngf6 5. Nd2 e5 6. Ngf3 Be7 7. Be2 0-0 8. 0-0 Qc7 9. a4 Re8 10. Qb3 Nf8 11. dxe5 dxe5 12. Bc4 Ne6 13. Bh4 Nh5 14. Rfd1 Bxh4 15. Nxh4 g6 16. a5 Qe7 17. Nhf3 Nef4 18. Bf1 Rb8 19. Nc4 Be6 20. Qa3 Qxa3 21. Rxa3 Bg4 22. Raa1 Nh3+ 23. gxh3 Bxf3 24. Rd7 Nf6 25. Rc7 Nxe4 26. a6 bxa6 27. Rxa6 Ng5 28. Raxa7 Bd5 29. Be2 Nxh3+ 30. Kf1 Nf4 31. Ra4 Red8 32. Nxe5 Nxe2 33. Kxe2 Re8 34. f4 f6 35. c4 Bxc4+ 36. Rxc4 fxe5 37. b4 exf4+ 38. Kf3 Re3+ 39. Kxf4 Rb3 40. R7xc6 R3xb4 41. Rxb4 Rxb4+ 42. Kg3 Kg7 43. h4 Kh6 44. Rc7 Rb8 45. Kg4 Rb1 46. Ra7 Rb4+ 47. Kg3 Rd4 48. Rb7 Rd8 49. Kg4 Rg8 50. Ra7 Rc8 51. Rb7 Rc4+ 52. Kg3 Rc8 53. Kg4 Rg8 54. Ra7 Rg7 55. Rxg7 Kxg7 56. h5 Kh6 57. hxg6 hxg6 58. Kh4 g5+ 59. Kg4 Kg6 60. Kg3 Kf5 1/2-1/2

[Event "Moscow Aeroflot op-C"]
[White "Kashtanov, Ruslan"]
[Black "Van Ruitenburg, Joost"]
[Site "Moscow"]
[Round "8"]
[Result "1-0"]
[Date "2006.02.14"]
[WhiteElo "2376"]
[BlackElo "2277"]
[PlyCount "92"]
[EventDate "2006.02.07"]
[EventType "swiss"]
[EventRounds "9"]
[EventCountry "RUS"]
[SourceTitle "EXT 2007"]
[Source "ChessBase"]
[SourceDate "2006.11.23"]
[SourceVersion "1"]
[SourceVersionDate "2006.11.23"]
[SourceQuality "1"]

1. Nf3 Nf6 2. c4 e6 3. Nc3 Bb4 4. Qc2 0-0 5. a3 Bxc3 6. Qxc3 b6 7. e3 Bb7 8. d3 d6 9. b4 Nbd7 10. Be2 Qe7 11. Bb2 e5 12. 0-0 h6 13. Rac1 Qe6 14. Nd2 a5 15. e4 axb4 16. axb4 Ne8 17. Qb3 c5 18. Ra1 f5 19. Rxa8 Bxa8 20. Ra1 Nef6 21. f3 f4 22. Ra7 Rb8 23. Qa4 Qe8 24. Nb1 Qc8 25. Nc3 Bc6 26. Nb5 Ne8 27. g3 fxg3 28. hxg3 Qd8 29. Bc1 g5 30. Be3 Nf8 31. Qa2 Ne6 32. Bf1 Qf6 33. Bh3 N6g7 34. Kg2 Qg6 35. Qd2 Kh8 36. Nc7 Rb7 37. Rxb7 Bxb7 38. Nxe8 Nxe8 39. Qa2 Qg7 40. Be6 Bc6 41. Qa6 Qb7 42. Qa1 Qe7 43. Bg4 Kg7 44. b5 Bd7 45. Qa2 Kf6 46. Bxd7 Qxd7 1-0

[Event "Moscow Aeroflot op-C"]
[White "Van Ruitenburg, Joost"]
[Black "Nakhapetiane, Pogos"]
[Site "Moscow"]
[Round "7"]
[Result "1/2-1/2"]
[Date "2006.02.13"]
[WhiteElo "2277"]
[BlackElo "2383"]
[PlyCount "106"]
[EventDate "2006.02.07"]
[EventType "swiss"]
[EventRounds "9"]
[EventCountry "RUS"]
[SourceTitle "EXT 2007"]
[Source "ChessBase"]
[SourceDate "2006.11.23"]
[SourceVersion "1"]
[SourceVersionDate "2006.11.23"]
[SourceQuality "1"]

1. d4 Nf6 2. Bg5 Ne4 3. Bh4 c6 4. Nd2 Nxd2 5. Qxd2 d5 6. c3 Bf5 7. e3 Nd7 8. Ne2 Qb6 9. f4 f6 10. Bf2 0-0-0 11. Ng3 Bg6 12. f5 Bf7 13. Bd3 e6 14. fxe6 Bxe6 15. 0-0 Bd6 16. e4 Qc7 17. exd5 Bxd5 18. c4 Bf7 19. b4 Bg6 20. a4 Bf4 21. Qc2 Bxd3 22. Qxd3 g6 23. Qf3 h5 24. Rfb1 h4 25. Nf1 f5 26. b5 Nf6 27. a5 cxb5 28. Rxb5 Ne4 29. Rab1 g5 30. Rxf5 Rhe8 31. a6 Qxc4 32. Rxf4 gxf4 33. Qxf4 Nc3 34. axb7+ Kd7 35. Qf5+ Qe6 36. Qxe6+ Kxe6 37. Rb3 Ne2+ 38. Kh1 Kd7 39. Bxh4 Rb8 40. d5 Kc7 41. g4 a5 42. Nd2 a4 43. Rb4 a3 44. Nb3 Kd6 45. Na5 Kxd5 46. Rb5+ Kd6 47. Rb3 Re4 48. Rxa3 Rxg4 49. Bf2 Rbg8 50. h3 Rb4 51. Rb3 Rxb3 52. Nxb3 Kc7 53. Na5 Ng3+ 1/2-1/2

[Event "Moscow Aeroflot op-C"]
[White "Van Ruitenburg, Joost"]
[Black "Petrosian, Davit Gevorgi"]
[Site "Moscow"]
[Round "5"]
[Result "0-1"]
[Date "2006.02.11"]
[WhiteElo "2277"]
[BlackElo "2427"]
[PlyCount "58"]
[EventDate "2006.02.07"]
[EventType "swiss"]
[EventRounds "9"]
[EventCountry "RUS"]
[SourceTitle "EXT 2007"]
[Source "ChessBase"]
[SourceDate "2006.11.23"]
[SourceVersion "1"]
[SourceVersionDate "2006.11.23"]
[SourceQuality "1"]

1. d4 Nf6 2. Bg5 e6 3. e4 d5 4. exd5 exd5 5. Bd3 c5 6. dxc5 Bxc5 7. Qf3 Bg4 8. Qf4 Nbd7 9. Nc3 0-0 10. Nge2 h6 11. Bxf6 Nxf6 12. 0-0 Re8 13. Rae1 a5 14. Ng3 Be6 15. Nf5 Bxf5 16. Qxf5 Rxe1 17. Rxe1 Bb4 18. Re3 d4 19. Re4 Bxc3 20. bxc3 g6 21. Rg4 Nxg4 22. Qxg4 dxc3 23. Bxg6 Qg5 24. Bxf7+ Kxf7 25. Qc4+ Kf8 26. h4 Qf6 27. g4 Re8 28. g5 Re1+ 29. Kh2 Qxf2+ 0-1

[Event "Moscow Aeroflot op-C"]
[White "Van Ruitenburg, Joost"]
[Black "Ganaus, Hannes"]
[Site "Moscow"]
[Round "1"]
[Result "1-0"]
[Date "2006.02.07"]
[WhiteElo "2277"]
[BlackElo "2309"]
[PlyCount "45"]
[EventDate "2006.02.07"]
[EventType "swiss"]
[EventRounds "9"]
[EventCountry "RUS"]
[SourceTitle "EXT 2007"]
[Source "ChessBase"]
[SourceDate "2006.11.23"]
[SourceVersion "1"]
[SourceVersionDate "2006.11.23"]
[SourceQuality "1"]

1. d4 g6 2. e4 Bg7 3. f4 d5 4. e5 Nh6 5. c3 f6 6. Nf3 0-0 7. Be2 b6 8. b4 c5 9. exf6 exf6 10. bxc5 bxc5 11. dxc5 Re8 12. 0-0 Bf8 13. Ba3 Na6 14. Bb5 Re6 15. Nd4 Nxc5 16. Nxe6 Bxe6 17. Kh1 Qb6 18. Bxc5 Bxc5 19. Be2 Qb2 20. Bf3 Qxa1 21. Bxd5 Re8 22. Bxe6+ Kg7 23. Qb3 1-0

[Event "Groningen Harmonie op-A"]
[White "Van Ruitenburg, Joost"]
[Black "Van Oosterom, Chiel"]
[Site "Groningen"]
[Round "7"]
[Result "0-1"]
[Date "2005.12.29"]
[WhiteElo "2216"]
[BlackElo "2235"]
[PlyCount "114"]
[EventDate "2005.12.23"]
[EventType "swiss"]
[EventRounds "9"]
[EventCountry "NED"]
[SourceTitle "CBM 110 Extra"]
[Source "ChessBase"]
[SourceDate "2006.03.10"]
[SourceVersion "2"]
[SourceVersionDate "2006.03.10"]
[SourceQuality "1"]

1. d4 f5 2. c4 Nf6 3. Nf3 g6 4. g3 Bg7 5. Bg2 0-0 6. Nc3 d6 7. 0-0 Qe8 8. d5 Na6 9. a3 c6 10. Nd4 Bd7 11. e3 Rb8 12. Rb1 Nc7 13. b4 Qf7 14. dxc6 bxc6 15. Nxc6 Bxc6 16. Bxc6 Qxc4 17. Qb3 Qxb3 18. Rxb3 d5 19. b5 Rfd8 20. Rb1 Ng4 21. Ne2 Ne5 22. Nd4 Kf7 23. Bd2 Nc4 24. Bb4 Bxd4 25. exd4 Nxb5 26. Bc5 a6 27. a4 Nc3 28. Rxb8 Rxb8 29. Re1 e6 30. h4 Nd2 31. Kg2 Rb2 32. Ba3 Rc2 33. Bb7 a5 34. Bc1 Nde4 35. Be3 Nxa4 36. Ra1 Nb6 37. Ba6 Nd6 38. Rb1 Nbc4 39. Bf4 a4 40. Ra1 a3 41. Bxd6 Nxd6 42. Rxa3 Ne4 43. Rf3 Rd2 44. Rb3 Rxf2+ 45. Kg1 Rd2 46. Rb7+ Kf6 47. Rxh7 Nxg3 48. Bb5 Rxd4 49. Be8 Nh5 50. Rf7+ Ke5 51. Re7 Rxh4 52. Kf2 Nf4 53. Ra7 Rh2+ 54. Kg3 Rg2+ 55. Kf3 g5 56. Bb5 g4+ 57. Ke3 d4# 0-1

[Event "Groningen Harmonie op-A"]
[White "Heemskerk, Wim"]
[Black "Van Ruitenburg, Joost"]
[Site "Groningen"]
[Round "6"]
[Result "1/2-1/2"]
[Date "2005.12.28"]
[WhiteElo "2265"]
[BlackElo "2216"]
[PlyCount "26"]
[EventDate "2005.12.23"]
[EventType "swiss"]
[EventRounds "9"]
[EventCountry "NED"]
[SourceTitle "CBM 110 Extra"]
[Source "ChessBase"]
[SourceDate "2006.03.10"]
[SourceVersion "2"]
[SourceVersionDate "2006.03.10"]
[SourceQuality "1"]

1. Nf3 Nf6 2. c4 e6 3. g3 d5 4. Bg2 dxc4 5. 0-0 Be7 6. Na3 0-0 7. Nxc4 c5 8. b3 Nc6 9. Bb2 Bd7 10. e3 Rc8 11. Qe2 b5 12. Nce5 Qb6 13. Rfd1 Rfd8 1/2-1/2

[Event "Groningen Harmonie op-A"]
[White "Van Ruitenburg, Joost"]
[Black "Wustefeld, Emile"]
[Site "Groningen"]
[Round "5"]
[Result "1-0"]
[Date "2005.12.28"]
[WhiteElo "2216"]
[BlackElo "2317"]
[PlyCount "35"]
[EventDate "2005.12.23"]
[EventType "swiss"]
[EventRounds "9"]
[EventCountry "NED"]
[SourceTitle "CBM 110 Extra"]
[Source "ChessBase"]
[SourceDate "2006.03.10"]
[SourceVersion "2"]
[SourceVersionDate "2006.03.10"]
[SourceQuality "1"]

1. d4 Nf6 2. Bg5 Ne4 3. Bh4 g5 4. f3 gxh4 5. fxe4 c5 6. e3 Bh6 7. Nd2 Bxe3 8. d5 d6 9. Nc4 Bg5 10. Qh5 Bf6 11. Nf3 Nd7 12. a4 Nb6 13. a5 Nxc4 14. Bxc4 Rg8 15. e5 Bg4 16. Qh6 dxe5 17. d6 Qd7 18. dxe7 1-0

[Event "Hoogeveen Essent op"]
[White "Potze, Rudolf"]
[Black "Van Ruitenburg, Joost"]
[Site "Hoogeveen"]
[Round "4"]
[Result "1/2-1/2"]
[Date "2005.10.24"]
[WhiteElo "2128"]
[BlackElo "2216"]
[PlyCount "38"]
[EventDate "2005.10.21"]
[EventType "swiss"]
[EventRounds "9"]
[EventCountry "NED"]
[SourceTitle "EXT 2006"]
[Source "ChessBase"]
[SourceDate "2005.11.24"]
[SourceVersion "1"]
[SourceVersionDate "2005.11.24"]
[SourceQuality "1"]

1. e4 e5 2. Nf3 Nc6 3. Bb5 Nge7 4. c3 g6 5. 0-0 Bg7 6. d4 exd4 7. cxd4 d5 8. exd5 Nxd5 9. Re1+ Be6 10. Bg5 Qd6 11. Nbd2 0-0 12. Ne4 Qb4 13. Bxc6 bxc6 14. Qc1 Rfe8 15. b3 Qb6 16. Nc5 Bf5 17. Qd2 Qb4 18. Rac1 a5 19. h3 f6 1/2-1/2

[Event "Vlissingen HZ op 06th"]
[White "Nijboer, Friso"]
[Black "Van Ruitenburg, Joost"]
[Site "Vlissingen"]
[Round "7"]
[Result "1-0"]
[Date "2002.08.09"]
[WhiteElo "2567"]
[BlackElo "2195"]
[PlyCount "107"]
[EventDate "2002.08.04"]
[EventType "swiss"]
[EventRounds "9"]
[EventCountry "NED"]
[SourceTitle "CBM 089 Extra"]
[Source "ChessBase"]
[SourceDate "2002.09.10"]
[SourceVersion "2"]
[SourceVersionDate "2002.09.10"]
[SourceQuality "1"]

1. e4 e5 2. Nf3 Nc6 3. Bb5 Nge7 4. c3 g6 5. d4 exd4 6. cxd4 d5 7. exd5 Nxd5 8. 0-0 Bg7 9. Bxc6+ bxc6 10. Bg5 Qd6 11. Re1+ Be6 12. Nbd2 0-0 13. Qc1 Rfe8 14. Ne4 Qb4 15. Bd2 Qb6 16. Nc5 Bf5 17. Ne5 Rad8 18. b3 Nf6 19. Be3 Ng4 20. Nxg4 Bxg4 21. Qc3 Rd5 22. Rac1 Red8 23. h3 Bf5 24. Na4 Qa5 25. Qxa5 Rxa5 26. Rxc6 Bd7 27. Rc5 Rxc5 28. Nxc5 Bf5 29. g4 Bc8 30. Bg5 f6 31. Bf4 Bf8 32. Ne4 Kf7 33. Rc1 Rxd4 34. Rxc7+ Bd7 35. Be3 Rd1+ 36. Kg2 f5 37. Ng5+ Ke8 38. Nxh7 Be7 39. Bg5 fxg4 40. hxg4 a5 41. Bxe7 Kxe7 42. Ra7 a4 43. bxa4 Kd6 44. f3 Ra1 45. a5 Rxa2+ 46. Kg3 Ra3 47. Ng5 Bc6 48. Kf4 Be8 49. Ne4+ Ke6 50. a6 Ra5 51. Rc7 g5+ 52. Nxg5+ Kd6 53. Rb7 Bd7 54. Nf7+ 1-0

[Event "NED-ch op 5'"]
[White "Van Ruitenburg, Joost"]
[Black "Van Wely, Loek"]
[Site "Dordrecht"]
[Round "?"]
[Result "0-1"]
[Date "2002.02.15"]
[WhiteElo "2140"]
[BlackElo "2695"]
[PlyCount "88"]
[EventDate "2002.02.15"]
[EventType "swiss"]
[EventRounds "34"]
[EventCountry "NED"]
[SourceTitle "EXT 2004"]
[Source "ChessBase"]
[SourceDate "2003.11.25"]
[SourceVersion "1"]
[SourceVersionDate "2003.11.25"]
[SourceQuality "1"]

1. d4 Nf6 2. Bg5 e6 3. e4 h6 4. Bxf6 Qxf6 5. Nf3 d6 6. Nc3 c6 7. e5 Qd8 8. Bd3 d5 9. Ne2 c5 10. c3 cxd4 11. cxd4 Qa5+ 12. Qd2 Qxd2+ 13. Nxd2 Bd7 14. Rc1 Nc6 15. a3 Be7 16. 0-0 0-0 17. f4 Rfc8 18. b4 f6 19. Nb3 fxe5 20. fxe5 Bg5 21. Rc2 Nd8 22. Nc5 Be8 23. Rf3 b6 24. Na6 Rxc2 25. Bxc2 Rc8 26. Bd3 Bh5 27. Rg3 Bxe2 28. Bxe2 Rc1+ 29. Bf1 Nc6 30. Rd3 Nxd4 31. Kf2 Nc6 32. h3 Nxe5 33. Rb3 Rc2+ 34. Kg1 d4 35. a4 Be3+ 36. Kh2 Bf4+ 37. Kg1 h5 38. a5 Be3+ 39. Kh2 h4 40. Rb1 d3 41. Bxd3 Nxd3 42. axb6 axb6 43. Nb8 Bf4+ 44. Kh1 Bxb8 0-1